AH International Schools' Libraries

That's not my llama : its fur is too tufty / (Record no. 48440)

MARC details
000 -LEADER
fixed length control field 00355nam a2200109 4500
020 ## - INTERNATIONAL STANDARD BOOK NUMBER
International Standard Book Number 9781474921640
100 ## - MAIN ENTRY--PERSONAL NAME
Personal name Watt, Fiona,
Relator term author.
9 (RLIN) 38829
245 ## - TITLE STATEMENT
Title That's not my llama : its fur is too tufty /
Statement of responsibility, etc written by Fiona Watt, Illustrated by Rachel Wells.
260 ## - PUBLICATION, DISTRIBUTION, ETC. (IMPRINT)
Place of publication, distribution, etc London ;
Name of publisher, distributor, etc Usborne,
Date of publication, distribution, etc 2018.
490 ## - SERIES STATEMENT
Series statement Usborne touchy-feely books
942 ## - ADDED ENTRY ELEMENTS (KOHA)
Source of classification or shelving scheme
Koha item type Book
Holdings
Withdrawn status Lost status Source of classification or shelving scheme Damaged status Not for loan Home library Current library Date acquired Total Checkouts Full call number Barcode Checked out Date last seen Date checked out Price effective from Koha item type
          Logos International School Logos International School 02/11/2025 8 BB WAT 040379 07/20/2026 03/03/2026 03/03/2026 02/11/2025 Board Book

For any Logos Library related questions please contact Miss Art at swongnarasuk@asianhope.org.

For any Asian Hope Library related questions please contact Miss Raza at graza@asianhope.org.

Click here to explore our ebooks!

Powered by Koha